| 000 | 00597nam a22001937a 4500 | ||
|---|---|---|---|
| 005 | 20251108172523.0 | ||
| 008 | 250721s9999 xx 000 0 ara d | ||
| 082 | 1 | 4 | _a912عيس |
| 100 | 1 | _aعيسوي، فايز محمد | |
| 245 | 1 | 0 | _aخرائط التوزيعات البشرية أسس و تطبيقات / |
| 264 | 1 |
_aالإسكندرية : _bدار المعرفة الجامعية، |
|
| 300 | _a387ص | ||
| 650 | 1 | 7 | _aالخرائط |
| 650 | 1 | 7 | _aالجغرافيا البشرية |
| 650 | 1 | 7 | _aرسم الخرائط |
| 650 | 1 | 7 | _aالسكان |
| 942 |
_2ddc _cBK |
||
| 999 |
_c81455 _d81455 |
||